[Event "I. CLANSKA LIGA ZAHOD 2024"]
[Site "Komenda"]
[Date "2024.09.29"]
[Round "3.2"]
[White "Belyaletdinov, Leonard"]
[Black "Plaskan, Jure"]
[Result "0-1"]
[WhiteElo "1843"]
[BlackElo "2239"]
[PlyCount "60"]
[EventDate "2024.09.27"]
[WhiteTeam "TAJFUN - SK LJUBLJANA"]
[BlackTeam "SD DOMZALE"]

1. e4 c5 2. Nf3 e6 3. d4 cxd4 4. Nxd4 a6 5. c4 Nf6 6. Nc3 Qc7 7. Be3 Bb4 8. f3
Nc6 9. a3 Bxc3+ 10. bxc3 Ne5 11. Bf4 d6 12. Be2 O-O 13. Bg5 Nfd7 14. O-O Nb6
15. f4 Nexc4 16. Bxc4 Nxc4 17. f5 e5 18. Nc2 f6 19. Be3 Bd7 20. Qd3 Bb5 21.
Qd5+ Qf7 22. Qd1 Nb2 23. Qe1 Bxf1 24. Qxf1 Qc4 25. Qf3 Qxc3 26. Qe2 Rad8 27.
Nb4 Nc4 28. Nd5 Qxa1+ 29. Kf2 Qb2 30. Ne7+ Kf7 0-1

[Event "I. CLANSKA LIGA ZAHOD 2024"]
[Site "Komenda"]
[Date "2024.09.29"]
[Round "3.2"]
[White "Debevec, Blaz"]
[Black "Glavac, Leo"]
[Result "1-0"]
[WhiteElo "2066"]
[BlackElo "1798"]
[PlyCount "95"]
[EventDate "2024.09.27"]
[WhiteTeam "SD DOMZALE"]
[BlackTeam "TAJFUN - SK LJUBLJANA"]

1. e4 e5 2. Nf3 Nc6 3. Bb5 Bc5 4. O-O d6 5. c3 a6 6. Bxc6+ bxc6 7. d4 exd4 8.
cxd4 Bb6 9. h3 Ne7 10. Nc3 O-O 11. Bf4 Ng6 12. Bh2 f5 13. e5 f4 14. exd6 cxd6
15. d5 c5 16. Re1 Nh4 17. Nxh4 Qxh4 18. Qf3 Ra7 19. Ne4 Rd7 20. Qg4 Qxg4 21.
hxg4 Rdd8 22. f3 c4+ 23. Kh1 Bd4 24. Rac1 Bxb2 25. Rxc4 Bb7 26. Rb4 Be5 27.
Rxb7 Rb8 28. Reb1 Rxb7 29. Rxb7 Rc8 30. Bg1 Rc1 31. Kh2 h6 32. Rb8+ Kh7 33. Ra8
Rd1 34. Rxa6 Rxd5 35. a4 Rd1 36. a5 d5 37. g5 h5 38. g6+ Kh6 39. Nf2 Ra1 40.
Nd3 Bc3 41. Nxf4 Be5 42. g3 h4 43. Nxd5 hxg3+ 44. Kg2 Ra2+ 45. Kh3 Ra1 46. Be3+
Kh5 47. Nf4+ Kg5 48. Nd3+ 1-0

[Event "I. CLANSKA LIGA ZAHOD 2024"]
[Site "Komenda"]
[Date "2024.09.29"]
[Round "3.2"]
[White "Markus, David"]
[Black "Turek, Lan Timotej"]
[Result "0-1"]
[WhiteElo "1771"]
[BlackElo "2017"]
[PlyCount "72"]
[EventDate "2024.09.27"]
[WhiteTeam "TAJFUN - SK LJUBLJANA"]
[BlackTeam "SD DOMZALE"]

1. e4 g6 2. d4 Bg7 3. Nc3 d6 4. Nf3 a6 5. a4 Nf6 6. Bf4 O-O 7. Qd2 Re8 8. Be2
Bg4 9. Rd1 Nc6 10. Bh6 Bxf3 11. gxf3 e5 12. Bxg7 Kxg7 13. dxe5 dxe5 14. Qxd8
Raxd8 15. Kf1 Nd4 16. Nd5 Nxd5 17. exd5 Nxc2 18. Rc1 Nd4 19. Rxc7 Rc8 20. Rc3
Kf6 21. Ke1 Red8 22. Bc4 b5 23. axb5 axb5 24. Ba2 Ra8 25. Bb1 Rxd5 26. Kd2 b4
27. Rd3 Nxf3+ 28. Ke3 Nd4 29. Rc1 Ra1 30. Ke4 Ke6 31. f4 f5+ 32. Ke3 exf4+ 33.
Kf2 b3 34. Rcd1 Ke5 35. Re1+ Kf6 36. Red1 Kg5 0-1

[Event "I. CLANSKA LIGA ZAHOD 2024"]
[Site "Komenda"]
[Date "2024.09.29"]
[Round "3.2"]
[White "Markosek, Bine"]
[Black "Samotorcan, Gal"]
[Result "1-0"]
[WhiteElo "1989"]
[BlackElo "1702"]
[PlyCount "75"]
[EventDate "2024.09.27"]
[WhiteTeam "SD DOMZALE"]
[BlackTeam "TAJFUN - SK LJUBLJANA"]

1. e4 c6 2. d4 d5 3. exd5 cxd5 4. Bd3 Nc6 5. c3 Nf6 6. Bf4 Bg4 7. Qb3 Qd7 8.
Nd2 e6 9. Ngf3 h6 10. O-O Be7 11. Ne5 Qc8 12. h3 Bf5 13. Bxf5 exf5 14. Rfe1 Kf8
15. Re2 Nxe5 16. dxe5 Nh5 17. Bh2 Qd7 18. Rae1 Bg5 19. Nf3 Re8 20. h4 Bd8 21.
e6 Rxe6 22. Ne5 Qe8 23. Ng6+ Kg8 24. Rxe6 fxe6 25. Nxh8 Nf6 26. Qxb7 Bb6 27.
Be5 Nh5 28. Qb8 Qxb8 29. Bxb8 Kxh8 30. Rxe6 Nf6 31. Be5 Ne4 32. Bd4 Nc5 33.
Rxh6+ Kg8 34. Rxb6 axb6 35. Bxc5 bxc5 36. a4 Kf7 37. a5 Ke6 38. a6 1-0

[Event "I. CLANSKA LIGA ZAHOD 2024"]
[Site "Komenda"]
[Date "2024.09.29"]
[Round "3.3"]
[White "Praznik, Niko"]
[Black "Mircic, Ivan"]
[Result "1/2-1/2"]
[WhiteElo "2313"]
[BlackElo "2208"]
[PlyCount "88"]
[EventDate "2024.09.27"]
[WhiteTeam "SD VRHNIKA"]
[BlackTeam "SK STARI MAYR KRANJ"]

1. Nf3 d5 2. b3 Nf6 3. Bb2 e6 4. g3 Be7 5. Bg2 c5 6. c4 O-O 7. O-O Nc6 8. cxd5
exd5 9. d4 Ne4 10. dxc5 Bxc5 11. Nc3 Nxc3 12. Bxc3 d4 13. Bb2 Bg4 14. a3 a5 15.
Qd2 Re8 16. Rfe1 Qb6 17. Qc2 h6 18. Rac1 Bf8 19. h3 Be6 20. Nd2 Rac8 21. Nc4
Qa7 22. Qd3 Red8 23. Kh2 g6 24. Red1 Bg7 25. Bxc6 Rxc6 26. e3 Bf5 27. e4 Be6
28. f4 Rdc8 29. a4 Bxc4 30. Rxc4 Rxc4 31. bxc4 Qc5 32. Rc1 Qb4 33. Bxd4 Bxd4
34. Qxd4 Qxa4 35. f5 Qc6 36. fxg6 Qxg6 37. Rf1 Qe6 38. c5 Qe7 39. Rf5 Rc6 40.
Re5 Re6 41. Rxe6 Qxe6 42. Qd8+ Kg7 43. Qxa5 Qxe4 44. Qc3+ Kg6 1/2-1/2

[Event "I. CLANSKA LIGA ZAHOD 2024"]
[Site "Komenda"]
[Date "2024.09.29"]
[Round "3.3"]
[White "Kersic, Matej"]
[Black "Justin, Matjaz"]
[Result "0-1"]
[WhiteElo "2082"]
[BlackElo "2215"]
[PlyCount "44"]
[EventDate "2024.09.27"]
[WhiteTeam "SK STARI MAYR KRANJ"]
[BlackTeam "SD VRHNIKA"]

1. e4 c5 2. Nf3 d6 3. d4 cxd4 4. Nxd4 Nf6 5. Nc3 a6 6. Bc4 e6 7. a4 Be7 8. Be3
Qc7 9. Qe2 Nc6 10. Nxc6 bxc6 11. O-O d5 12. Bb3 a5 13. Rfe1 O-O 14. exd5 exd5
15. Bb6 Qxb6 16. Qxe7 Be6 17. Qd6 Rad8 18. Qg3 Bf5 19. Qf4 Bg6 20. g4 d4 21.
Nb1 d3 22. Na3 Rd4 0-1

[Event "I. CLANSKA LIGA ZAHOD 2024"]
[Site "Komenda"]
[Date "2024.09.29"]
[Round "3.3"]
[White "Siraj, Anej"]
[Black "Bulatovic, Milorad"]
[Result "1/2-1/2"]
[WhiteElo "2075"]
[BlackElo "1942"]
[PlyCount "100"]
[EventDate "2024.09.27"]
[WhiteTeam "SD VRHNIKA"]
[BlackTeam "SK STARI MAYR KRANJ"]

1. d4 Nf6 2. Nf3 e6 3. Bf4 d5 4. Nbd2 Bd6 5. Bg3 O-O 6. e3 Ne4 7. Nxe4 dxe4 8.
Nd2 f5 9. Nc4 Be7 10. Ne5 Nd7 11. Bc4 Nxe5 12. Bxe5 c6 13. O-O Bd6 14. Bg3 Bxg3
15. hxg3 b5 16. Bb3 a5 17. a4 Qd6 18. d5 cxd5 19. axb5 Qc5 20. Qe2 Bd7 21. c4
Qb4 22. Qd1 dxc4 23. Qxd7 Qxb3 24. Qxe6+ Kh8 25. b6 Rab8 26. Rxa5 Qxb6 27. Qxb6
Rxb6 28. Rc5 Rxb2 29. Rxc4 Rb7 30. g4 {(=)} g6 31. gxf5 gxf5 32. g3 Rg7 33. Kg2
Rgf7 34. Rh1 Kg7 35. Rc3 Rf6 36. Rc5 R8f7 37. Rh4 Kg6 38. Rc8 Rf8 39. Rxf8 Rxf8
40. Rf4 Re8 41. g4 fxg4 42. Rxg4+ Kf5 43. Rg7 h6 44. Kg3 Rf8 45. Rb7 Rf6 46.
Re7 Rg6+ 47. Kh4 Rf6 48. Rg7 Ke5 49. Kg3 Kf5 50. Rg4 Ke5 1/2-1/2

[Event "I. CLANSKA LIGA ZAHOD 2024"]
[Site "Komenda"]
[Date "2024.09.29"]
[Round "3.3"]
[White "Usenicnik, Matej"]
[Black "Siraj, Svit"]
[Result "0-1"]
[WhiteElo "1892"]
[BlackElo "2048"]
[PlyCount "58"]
[EventDate "2024.09.27"]
[WhiteTeam "SK STARI MAYR KRANJ"]
[BlackTeam "SD VRHNIKA"]

1. d4 d5 2. Nf3 Nf6 3. c4 dxc4 4. Nc3 e6 5. e3 c5 6. Bxc4 Nc6 7. O-O a6 8. a4
Qc7 9. b3 cxd4 10. exd4 Na5 11. Qd3 Bb4 12. Bd2 Nxc4 13. Qxc4 Qa5 14. Ne4 Bxd2
15. Nfxd2 Nxe4 16. Nxe4 O-O 17. Nc5 Qd8 18. a5 b6 19. axb6 Qxb6 20. Ra4 Rd8 21.
Rfa1 Rb8 22. h3 h6 23. R1a3 Rd5 24. Nd3 a5 25. Nc5 Qd8 26. Qc3 e5 27. dxe5 Rb5
28. Rc4 Bf5 29. f4 Qb6 0-1

[Event "I. CLANSKA LIGA ZAHOD 2024"]
[Site "Komenda"]
[Date "2024.09.29"]
[Round "3.3"]
[White "Sever, Gasper"]
[Black "Zitnik, Urban"]
[Result "1/2-1/2"]
[WhiteElo "1790"]
[BlackElo "1769"]
[PlyCount "97"]
[EventDate "2024.09.27"]
[WhiteTeam "SD VRHNIKA"]
[BlackTeam "SK STARI MAYR KRANJ"]

1. e4 c6 2. d4 d5 3. Nc3 dxe4 4. Nxe4 Nf6 5. Nxf6+ exf6 6. Bf4 Be7 7. Qd2 O-O
8. O-O-O Be6 9. Kb1 b5 10. Ne2 Nd7 11. Nc3 Nb6 12. d5 Nxd5 13. Nxd5 Qxd5 14.
Qxd5 Bxd5 15. Bxb5 g5 16. Bg3 Bxg2 17. Rhg1 Bf3 18. Rd7 Rfe8 19. Bc4 Bd5 20.
Bxd5 cxd5 21. Rxd5 Red8 22. c4 Rxd5 23. cxd5 Rd8 24. Rd1 Bd6 25. Kc2 f5 26.
Bxd6 Rxd6 27. Kc3 Kf8 28. f4 f6 29. Kd4 Ke7 30. fxg5 fxg5 31. Ke5 f4 32. Rc1
Kd7 33. Rc5 f3 34. Rc2 g4 35. Rd2 Rg6 36. Kf4 Rf6+ 37. Kg3 h5 38. b4 Kd6 39. a4
f2 40. Rxf2 Rxf2 41. Kxf2 h4 42. b5 Kxd5 43. a5 Kc5 44. b6 axb6 45. axb6 Kxb6
46. Ke3 g3 47. hxg3 hxg3 48. Kf3 g2 49. Kxg2 1/2-1/2

[Event "I. CLANSKA LIGA ZAHOD 2024"]
[Site "Komenda"]
[Date "2024.09.29"]
[Round "3.3"]
[White "Rici, Jurij"]
[Black "Sirk, Matija"]
[Result "1-0"]
[WhiteElo "1864"]
[BlackElo "1793"]
[PlyCount "125"]
[EventDate "2024.09.27"]
[WhiteTeam "SK STARI MAYR KRANJ"]
[BlackTeam "SD VRHNIKA"]

1. e4 c5 2. Nf3 d6 3. Nc3 Nf6 4. d4 cxd4 5. Nxd4 Nc6 6. Bb5 Bd7 7. O-O g6 8.
Re1 Bg7 9. Bxc6 bxc6 10. Nf3 O-O 11. e5 Ne8 12. exd6 exd6 13. Bg5 f6 14. Bf4 d5
15. Nd4 c5 16. Ne6 Bxe6 17. Rxe6 d4 18. Na4 Qd5 19. Qe2 g5 20. Bg3 f5 21. f3 f4
22. Bf2 Nc7 23. Re7 Rae8 24. Re1 Bf6 25. Re4 Rc8 26. b3 Ne8 27. Qa6 Nd6 28. Re6
Rc6 29. Qxa7 Nc8 30. Qb7 Nd6 31. Qd7 Rf7 32. Re8+ Kg7 33. Qe6 Qf5 34. Qxf5 Nxf5
35. Nb2 Ne3 36. Bxe3 dxe3 37. Nc4 Rd7 38. g3 Bc3 39. Re2 Kf7 40. Re4 Re6 41.
gxf4 Rxe4 42. fxe4 gxf4 43. Kg2 Kf6 44. Nb6 Rg7+ 45. Kf3 Ke5 46. Nc4+ Kd4 47.
e5 Rg1 48. Kxf4 Rf1+ 49. Kg3 Rg1+ 50. Kf3 Rf1+ 51. Kg2 Re1 52. Rxe1 Bxe1 53.
Kf1 Bh4 54. Ke2 Bg5 55. e6 Kd5 56. Nxe3+ Kxe6 57. Nc4 Bf4 58. h3 Kd5 59. Kd3
Kc6 60. a4 Bc7 61. Ke4 h6 62. Ne5+ Kb6 63. Kd5 1-0

[Event "I. CLANSKA LIGA ZAHOD 2024"]
[Site "Komenda"]
[Date "2024.09.29"]
[Round "3.4"]
[White "Lucovnik, Tilen"]
[Black "Brezovar, Matjaz"]
[Result "1/2-1/2"]
[WhiteElo "2169"]
[BlackElo "2182"]
[PlyCount "64"]
[EventDate "2024.09.27"]
[WhiteTeam "SK KOMENDA"]
[BlackTeam "SK DOLENJSKE TOPLICE"]

1. e4 g6 2. d4 Bg7 3. Nc3 d5 4. exd5 Nf6 5. Bb5+ Nbd7 6. Nf3 O-O 7. O-O Nb6 8.
Re1 Nbxd5 9. Bc4 c6 10. h3 Be6 11. Bb3 Nc7 12. Bf4 Bxb3 13. Bxc7 Qxc7 14. axb3
e6 15. Qe2 a6 16. Qc4 Rfd8 17. Ne4 Nxe4 18. Rxe4 Rd5 19. b4 Rad8 20. c3 a5 21.
bxa5 Rxa5 22. Ree1 Rda8 23. Rxa5 Qxa5 24. Nd2 Qb5 25. Qxb5 cxb5 26. Ne4 b4 27.
Kf1 b5 28. Rb1 Kf8 29. Nd6 Rb8 30. Ra1 bxc3 31. bxc3 b4 32. Rb1 e5 1/2-1/2

[Event "I. CLANSKA LIGA ZAHOD 2024"]
[Site "Komenda"]
[Date "2024.09.29"]
[Round "3.4"]
[White "Luzar, Emil"]
[Black "Keber, Aljosa"]
[Result "1-0"]
[WhiteElo "2116"]
[BlackElo "2103"]
[PlyCount "65"]
[EventDate "2024.09.27"]
[WhiteTeam "SK DOLENJSKE TOPLICE"]
[BlackTeam "SK KOMENDA"]

1. Nf3 g6 2. g3 Bg7 3. Bg2 e5 4. d3 d5 5. O-O Ne7 6. c4 O-O 7. Nc3 c6 8. e4 h6
9. b3 Be6 10. Ba3 d4 11. Ne2 a5 12. Ne1 b5 13. f4 b4 14. Bc1 Nd7 15. Nf3 c5 16.
a4 bxa3 17. Rxa3 Ra6 18. Bd2 f5 19. Nxe5 Nxe5 20. fxe5 Kh7 21. Nf4 Bxe5 22.
Rxa5 Rb6 23. Nxe6 Rxe6 24. Rxc5 Qd6 25. exf5 gxf5 26. Bb4 f4 27. Rb5 Qd8 28.
Qe2 Ng6 29. Bxf8 fxg3 30. Qg4 gxh2+ 31. Kh1 Nxf8 32. Rxe5 Qa8 33. Rf7+ 1-0

[Event "I. CLANSKA LIGA ZAHOD 2024"]
[Site "Komenda"]
[Date "2024.09.29"]
[Round "3.4"]
[White "Perme, Martin"]
[Black "Stubljar, Andrej"]
[Result "0-1"]
[WhiteElo "1902"]
[BlackElo "2017"]
[PlyCount "134"]
[EventDate "2024.09.27"]
[WhiteTeam "SK KOMENDA"]
[BlackTeam "SK DOLENJSKE TOPLICE"]

1. e4 Nc6 2. d4 e5 3. Nf3 d6 4. Bb5 Bd7 5. dxe5 Nxe5 6. Bxd7+ Qxd7 7. Nxe5 dxe5
8. Qxd7+ Kxd7 9. O-O Bc5 10. Nc3 c6 11. Na4 Bd6 12. Be3 Nf6 13. f3 Ke6 14. Rad1
b6 15. Rd3 Rhd8 16. Rfd1 Be7 17. c4 Rxd3 18. Rxd3 Rd8 19. Rxd8 Bxd8 20. Kf1 Nd7
21. Ke2 h5 22. b4 f5 23. c5 b5 24. Nc3 f4 25. Bf2 a5 26. a3 g5 27. Na2 Nb8 28.
Be1 Be7 29. Bf2 Na6 30. bxa5 Bxc5 31. Bxc5 Nxc5 32. Nb4 Kd6 33. a6 Nd7 34. a7
Nb6 35. Na6 c5 36. Kd3 Kc6 37. Kc3 Na4+ 38. Kb3 Nb6 39. h3 Na8 40. Nb8+ Kc7 41.
Na6+ Kd6 42. a4 c4+ 43. Kb4 bxa4 44. Kxc4 Kc6 45. Kb4 Nb6 46. Ka3 Kb7 47. Nc5+
Kxa7 48. Ne6 Ka6 49. Nxg5 Kb5 50. Ne6 Nc4+ 51. Ka2 Ne3 52. Nc7+ Kc4 53. Ne8
Nxg2 54. Nf6 Nh4 55. Nxh5 Nxf3 56. Nf6 Nh4 57. Ka3 f3 58. Ng4 Kd4 59. Kxa4 Kxe4
60. Kb4 Kf4 61. Kc4 e4 62. Kd4 Nf5+ 63. Kc3 Kg3 64. Kd2 e3+ 65. Ke1 Kxh3 66.
Ne5 f2+ 67. Kf1 Ng3# 0-1

[Event "I. CLANSKA LIGA ZAHOD 2024"]
[Site "Komenda"]
[Date "2024.09.29"]
[Round "3.4"]
[White "Pucelj, Joze"]
[Black "Novak, Anze"]
[Result "1-0"]
[WhiteElo "1986"]
[BlackElo "1823"]
[PlyCount "51"]
[EventDate "2024.09.27"]
[WhiteTeam "SK DOLENJSKE TOPLICE"]
[BlackTeam "SK KOMENDA"]

1. Nf3 Nf6 2. d4 g6 3. Bg5 d5 4. Bxf6 exf6 5. e3 Bg7 6. Bd3 O-O 7. O-O c5 8. c3
c4 9. Bc2 f5 10. b3 b5 11. a4 cxb3 12. Bxb3 bxa4 13. Rxa4 Bd7 14. Ra2 Be6 15.
Nbd2 g5 16. Qa1 g4 17. Ne1 Qc7 18. Nd3 Nd7 19. Ra5 Nb6 20. Rc1 Rfe8 21. Nf4 Qd7
22. Qa2 Nc4 23. Bxc4 dxc4 24. d5 Bxd5 25. Rxd5 Qc6 26. Qa5 1-0

[Event "I. CLANSKA LIGA ZAHOD 2024"]
[Site "Komenda"]
[Date "2024.09.29"]
[Round "3.4"]
[White "Macek, Inti"]
[Black "Voglar, Peter"]
[Result "0-1"]
[WhiteElo "1750"]
[BlackElo "1858"]
[PlyCount "116"]
[EventDate "2024.09.27"]
[WhiteTeam "SK KOMENDA"]
[BlackTeam "SK DOLENJSKE TOPLICE"]

1. d4 Nf6 2. Nf3 d5 3. e3 Bg4 4. Be2 e6 5. O-O Be7 6. b3 O-O 7. Bb2 Nbd7 8.
Nbd2 c5 9. Ne5 Nxe5 10. dxe5 Bxe2 11. Qxe2 Nd7 12. c4 Qb6 13. Rfd1 Rad8 14. Nf3
Nb8 15. e4 d4 16. Nd2 Bg5 17. Qg4 Bxd2 18. Rxd2 f5 19. exf5 Rxf5 20. f4 Rdf8
21. Rf1 Nc6 22. Re2 a5 23. Bc1 a4 24. Rf3 Qa6 25. Re1 axb3 26. axb3 b5 27. Rg3
R8f7 28. Qe2 b4 29. Rh3 Ra7 30. Qe4 g6 31. Rf3 Ne7 32. Rf2 Qc6 33. Qxc6 Nxc6
34. g3 Rf8 35. Kg2 Rfa8 36. Bb2 Rd7 37. Rd1 d3 38. Kf3 Ra2 39. Ke3 Na5 40. Rxd3
Rxd3+ 41. Kxd3 Nxb3 42. Rc2 Na5 43. Rf2 Kf7 44. Rd2 Ke7 45. Bc3 Ra3 46. Rc2
Rxc3+ 47. Rxc3 bxc3 48. Kxc3 h5 49. h3 Nc6 50. Kb3 Nd4+ 51. Ka4 Kd7 52. Ka5 Kc6
53. g4 h4 54. Ka6 Ne2 55. f5 exf5 56. gxf5 gxf5 57. e6 f4 58. e7 Kd7 0-1

[Event "I. CLANSKA LIGA ZAHOD 2024"]
[Site "Komenda"]
[Date "2024.09.29"]
[Round "3.4"]
[White "Janko, Marko"]
[Black "Cimperman, Teo"]
[Result "0-1"]
[WhiteElo "1708"]
[BlackElo "1702"]
[PlyCount "48"]
[EventDate "2024.09.27"]
[WhiteTeam "SK DOLENJSKE TOPLICE"]
[BlackTeam "SK KOMENDA"]

1. e4 c5 2. Nf3 Nc6 3. d4 cxd4 4. Nxd4 g6 5. Nc3 Bg7 6. Be3 Nf6 7. f3 O-O 8.
Qd2 d5 9. exd5 Nb4 10. d6 Nfd5 11. Nxd5 Nxd5 12. Bf2 Qxd6 13. O-O-O Nb4 14. a3
Nc6 15. Kb1 Rd8 16. c3 e5 17. Nb3 Bf5+ 18. Ka1 Qe6 19. Nd4 exd4 20. cxd4 Bxd4
21. Bb5 Qb3 22. Bxd4 Nxd4 23. Bd3 Bxd3 24. Qxd3 Nc2+ 0-1

[Event "I. CLANSKA LIGA ZAHOD 2024"]
[Site "Komenda"]
[Date "2024.09.29"]
[Round "3.5"]
[White "Rodman, Franc"]
[Black "Stevanic, David"]
[Result "0-1"]
[WhiteElo "1999"]
[BlackElo "2242"]
[PlyCount "54"]
[EventDate "2024.09.27"]
[WhiteTeam "SD SIJ ACRONI JESENICE"]
[BlackTeam "SK KOCEVJE"]

1. d4 Nf6 2. Nf3 g6 3. g3 Bg7 4. Bg2 d6 5. O-O O-O 6. c4 Nbd7 7. Nc3 e5 8. h3
Re8 9. e4 exd4 10. Nxd4 Nc5 11. Re1 a5 12. Rb1 Nfd7 13. Be3 Ne5 14. Bf1 c6 15.
f4 Ned7 16. Qc2 a4 17. Rbd1 Qa5 18. Nde2 f5 19. Bg2 Nf6 20. Rxd6 Nfxe4 21. Rdd1
Qb4 22. Nxe4 Nxe4 23. a3 Qa5 24. Nd4 Bd7 25. Bf2 Rad8 26. Kh2 Bc8 27. Be3 Bxd4
0-1

[Event "I. CLANSKA LIGA ZAHOD 2024"]
[Site "Komenda"]
[Date "2024.09.29"]
[Round "3.5"]
[White "Acimovic, Vasja"]
[Black "Jeraj, Zlatko"]
[Result "1-0"]
[WhiteElo "2287"]
[BlackElo "1989"]
[PlyCount "123"]
[EventDate "2024.09.27"]
[WhiteTeam "SK KOCEVJE"]
[BlackTeam "SD SIJ ACRONI JESENICE"]

1. d4 d5 2. c4 c6 3. cxd5 cxd5 4. Nc3 Nc6 5. Nf3 Nf6 6. Bf4 e6 7. e3 Be7 8. Bd3
Nh5 9. Be5 O-O 10. O-O Nxe5 11. Nxe5 g6 12. Rc1 Bd6 13. Nb5 a6 14. Nxd6 Qxd6
15. Qc2 f6 16. Nf3 Rf7 17. Qc5 Qxc5 18. Rxc5 Bd7 19. Rfc1 Ng7 20. h3 Ne8 21. g4
g5 22. Nd2 Nd6 23. f4 Bc6 24. Kh2 gxf4 25. exf4 Re7 26. Nf3 Ne4 27. R5c2 Nd6
28. h4 h6 29. Rg1 Bb5 30. Bxb5 Nxb5 31. g5 hxg5 32. fxg5 fxg5 33. Nxg5 Kh8 34.
Rg4 Rf8 35. Re2 Nc7 36. Kg3 Rf6 37. Rc2 Rf8 38. Rf4 Rfe8 39. a4 Kg7 40. Kg4 Na8
41. Rcf2 Nb6 42. b3 Nd7 43. Nxe6+ Rxe6 44. Rf7+ Kg8 45. Rxd7 Re4+ 46. Kg5 Rxd4
47. Rxb7 Rd1 48. Rg2 Rf1 49. Kh6+ Kf8 50. Rgg7 Rd8 51. Kh7 Ke8 52. Rbe7+ Kf8
53. Ra7 Ke8 54. Rxa6 Rf7 55. h5 d4 56. h6 d3 57. Re6+ Kf8 58. Re1 Rdd7 59.
Rxf7+ Kxf7 60. Rf1+ Ke6+ 61. Kg6 d2 62. h7 1-0

[Event "I. CLANSKA LIGA ZAHOD 2024"]
[Site "Komenda"]
[Date "2024.09.29"]
[Round "3.5"]
[White "Pazlar, Marko"]
[Black "Acimovic, Sergej"]
[Result "0-1"]
[WhiteElo "1975"]
[BlackElo "2120"]
[PlyCount "74"]
[EventDate "2024.09.27"]
[WhiteTeam "SD SIJ ACRONI JESENICE"]
[BlackTeam "SK KOCEVJE"]

1. Nf3 d5 2. d4 Nf6 3. g3 e6 4. Bg2 Be7 5. c4 O-O 6. O-O b6 7. Nc3 Bb7 8. cxd5
Nxd5 9. Nxd5 Bxd5 10. Qd3 Nd7 11. e4 Bb7 12. Rd1 c5 13. d5 exd5 14. exd5 Bd6
15. Ng5 Nf6 16. Ne4 Nxe4 17. Bxe4 h6 18. Qf3 Re8 19. Bf4 Bxf4 20. Qxf4 Qg5 21.
Qxg5 hxg5 22. Bf3 Rad8 23. Rd2 Re5 24. Rad1 Kf8 25. Rd3 Ke8 26. h4 gxh4 27.
gxh4 Kd7 28. d6 Bxf3 29. Rxf3 Ke6 30. d7 Rxd7 31. Rxd7 Kxd7 32. Rxf7+ Re7 33.
Rf4 Kd6 34. b4 Kd5 35. bxc5 bxc5 36. Kg2 c4 37. Rf8 Rc7 0-1

[Event "I. CLANSKA LIGA ZAHOD 2024"]
[Site "Komenda"]
[Date "2024.09.29"]
[Round "3.5"]
[White "Bajo, Tin"]
[Black "Pavlin, Ivan"]
[Result "1/2-1/2"]
[WhiteElo "2007"]
[BlackElo "1906"]
[PlyCount "60"]
[EventDate "2024.09.27"]
[WhiteTeam "SK KOCEVJE"]
[BlackTeam "SD SIJ ACRONI JESENICE"]

1. e4 c5 2. Nf3 e6 3. c3 d5 4. exd5 Qxd5 5. d4 Nc6 6. Be2 cxd4 7. cxd4 Nf6 8.
O-O Be7 9. Nc3 Qd8 10. Bf4 O-O 11. Qd2 a6 12. Rfd1 Nb4 13. Ne5 Nbd5 14. Bg5 Nd7
15. Bxe7 Qxe7 16. Nxd5 exd5 17. Nxd7 Bxd7 18. Bf3 Be6 19. Qa5 Qd6 20. Qc5 Qd7
21. Rac1 Rfc8 22. Qb4 Rc6 23. Rc5 b6 24. Rxc6 Qxc6 25. Rd3 Qc1+ 26. Rd1 Qc6 27.
Rd3 Qc1+ 28. Rd1 Qc6 29. Rd3 Qc1+ 30. Rd1 Qc6 1/2-1/2

[Event "I. CLANSKA LIGA ZAHOD 2024"]
[Site "Komenda"]
[Date "2024.09.29"]
[Round "3.5"]
[White "Ravnik, Franc"]
[Black "Mihic, Adam"]
[Result "1-0"]
[WhiteElo "1847"]
[BlackElo "1781"]
[PlyCount "95"]
[EventDate "2024.09.27"]
[WhiteTeam "SD SIJ ACRONI JESENICE"]
[BlackTeam "SK KOCEVJE"]

1. e4 e5 2. Nf3 Nc6 3. Bb5 Nf6 4. O-O Nxe4 5. Re1 Nd6 6. Bxc6 dxc6 7. Nxe5 Be7
8. d4 O-O 9. b3 Bf6 10. Bb2 Bf5 11. Nd2 Re8 12. f4 Be7 13. c4 f6 14. Ng4 Qd7
15. Nf2 Bg6 16. g4 Bf8 17. f5 Bf7 18. Qf3 a5 19. Nd3 b6 20. Nf4 a4 21. h4 axb3
22. axb3 Rxe1+ 23. Rxe1 Ra2 24. Qc3 Nb7 25. b4 Bd6 26. Ne6 Nd8 27. Qb3 Ra8 28.
d5 Bf8 29. Qe3 b5 30. g5 fxg5 31. hxg5 Bxe6 32. fxe6 Qe7 33. Nf3 Ra2 34. Qb3
Ra8 35. Re5 g6 36. Qe3 Bg7 37. Re4 Ra4 38. Qb3 Ra8 39. Qe3 Ra2 40. Bc3 Ra3 41.
Ne1 Ra2 42. Nd3 Ra3 43. Nf2 Rxc3 44. Qxc3 Nxe6 45. Nh3 Qd7 46. Qb3 Bd4+ 47. Kg2
Kf7 48. Nf4 1-0

[Event "I. CLANSKA LIGA ZAHOD 2024"]
[Site "Komenda"]
[Date "2024.09.29"]
[Round "3.5"]
[White "Mihic, Peter"]
[Black "Kljucanin, Fahrudin"]
[Result "1-0"]
[WhiteElo "1783"]
[BlackElo "1680"]
[PlyCount "60"]
[EventDate "2024.09.27"]
[WhiteTeam "SK KOCEVJE"]
[BlackTeam "SD SIJ ACRONI JESENICE"]

1. e4 e6 2. d4 b6 3. Nc3 a6 4. Nf3 Bb7 5. Bd3 d6 6. O-O Nd7 7. Re1 Be7 8. h3 b5
9. a3 c5 10. b3 cxd4 11. Nxd4 Ngf6 12. f4 Qb6 13. Be3 Qc7 14. Qd2 Rc8 15. Ndxb5
axb5 16. Nxb5 Qb8 17. Na7 Rd8 18. Bb5 O-O 19. Bc6 Nc5 20. Qb4 Bxc6 21. Nxc6
Qxb4 22. Nxe7+ Kh8 23. axb4 Ncxe4 24. Bd4 Rb8 25. Nc6 Rb7 26. Ra7 Rxa7 27. Nxa7
d5 28. Nc6 Nd7 29. b5 Nef6 30. g4 Ne4 1-0

[Event "I. CLANSKA LIGA ZAHOD 2024"]
[Site "Komenda"]
[Date "2024.10.11"]
[Round "4.1"]
[White "Furlan, Miha"]
[Black "Stevanic, David"]
[Result "0-1"]
[WhiteElo "2214"]
[BlackElo "2242"]
[PlyCount "80"]
[EventDate "2024.09.27"]
[WhiteTeam "SK TREBNJE BMP"]
[BlackTeam "SK KOCEVJE"]

1. e4 e5 2. Nf3 Nc6 3. Bb5 a6 4. Ba4 Nf6 5. O-O Be7 6. d3 b5 7. Bb3 d6 8. c3
O-O 9. a4 Rb8 10. axb5 axb5 11. d4 exd4 12. cxd4 Bg4 13. Be3 d5 14. e5 Ne4 15.
h3 Bh5 16. g4 Bg6 17. Nh2 f5 18. f3 Ng3 19. Re1 f4 20. Bf2 Nb4 21. Nc3 c6 22.
Qd2 Ra8 23. Red1 Kh8 24. Kg2 Nd3 25. Bg1 Bb4 26. Rdb1 Ne4 27. fxe4 Rxa1 28.
Rxa1 dxe4 29. Rf1 Qh4 30. Bf2 Qh6 31. Be1 f3+ 32. Nxf3 e3 33. g5 Nf4+ 34. Kg1
Nxh3+ 35. Kg2 Nf4+ 36. Kg1 Nh3+ 37. Kg2 Nxg5 38. Qxe3 Qh3+ 39. Kg1 Nxf3+ 40.
Rxf3 Rxf3 0-1

[Event "I. CLANSKA LIGA ZAHOD 2024"]
[Site "Komenda"]
[Date "2024.10.11"]
[Round "4.1"]
[White "Mejak, George"]
[Black "Acimovic, Sergej"]
[Result "0-1"]
[WhiteElo "2047"]
[BlackElo "2120"]
[PlyCount "84"]
[EventDate "2024.09.27"]
[WhiteTeam "SK TREBNJE BMP"]
[BlackTeam "SK KOCEVJE"]

1. d4 Nf6 2. c4 g6 3. Nc3 Bg7 4. Bg5 O-O 5. Qd2 d6 6. Nf3 Nbd7 7. e4 c6 8. Bd3
e5 9. d5 Nc5 10. b4 Nxd3+ 11. Qxd3 a5 12. b5 cxb5 13. Nxb5 h6 14. Bc1 Ne8 15.
Ba3 f5 16. Nd2 b6 17. O-O-O fxe4 18. Nxe4 Bf5 19. f3 Bxe4 20. fxe4 Rf2 21. Qg3
Qf6 22. Rd2 Rxd2 23. Kxd2 Rc8 24. Kd3 Kh7 25. Qf3 Qe7 26. Rf1 Rd8 27. g3 h5 28.
h3 Kg8 29. g4 Nf6 30. g5 Ne8 31. Qe3 Nc7 32. Qxb6 Nxb5 33. cxb5 Qxg5 34. Qe3
Qg2 35. Rf2 Qh1 36. Kc2 Qa1 37. Kb3 Rc8 38. Bb2 Qd1+ 39. Ka3 Bh6 40. Qb3 Qe1
41. Rf3 Bd2 42. Qd3 Be3 0-1

[Event "I. CLANSKA LIGA ZAHOD 2024"]
[Site "Komenda"]
[Date "2024.10.11"]
[Round "4.1"]
[White "Bajo, Tin"]
[Black "Brcar, Matej"]
[Result "1/2-1/2"]
[WhiteElo "2007"]
[BlackElo "1949"]
[PlyCount "81"]
[EventDate "2024.09.27"]
[WhiteTeam "SK KOCEVJE"]
[BlackTeam "SK TREBNJE BMP"]

1. e4 e5 2. Nf3 Nc6 3. Bc4 Bc5 4. c3 Nf6 5. d4 exd4 6. e5 d5 7. Bb5 Ne4 8. cxd4
Bb4+ 9. Nbd2 O-O 10. O-O Bg4 11. Qa4 Nxd2 12. Nxd2 Bxd2 13. Bxd2 Ne7 14. Bb4 c6
15. Bd3 Re8 16. Bxe7 Qxe7 17. f4 Qh4 18. f5 Qg5 19. Rae1 g6 20. Qc2 Rac8 21.
Kh1 b6 22. b4 Qe7 23. Rf4 Qh4 24. Re3 g5 25. Rf1 f6 26. e6 Re7 27. g3 Qh5 28.
Bb5 Qe8 29. Rc3 Rec7 30. Rc1 Qe7 31. a3 Kg7 32. Bxc6 b5 33. Qd3 Qd6 34. Bxb5
Rxc3 35. Rxc3 Rxc3 36. Qxc3 Bxf5 37. Qc6 Qxe6 38. Qxe6 Bxe6 39. Kg2 Kf7 40. Kf3
Ke7 41. Ke3 1/2-1/2